Países mais próximos da Áustria - Sprint de um minuto - Statistics

Estatísticas Gerais
  • Esse quiz foi jogado 91 vezes
  • A pontuação média é 13 de 20
Estatísticas das Respostas
km país % Correto
0 Alemanha
96%
0 Itália
93%
0 Suíça
87%
0 Eslovénia
80%
149 França
80%
0 Eslováquia
79%
158 Polônia
79%
0 Liechtenstein
73%
0 Hungria
70%
24 Croácia
66%
0 Chéquia
63%
357 Bélgica
61%
321 Luxemburgo
53%
291 San Marino
51%
218 Sérvia
49%
161 Bósnia e Herzegovina
46%
405 Mônaco
44%
304 Romênia
33%
372 Ucrânia
33%
415 Montenegro
31%
Nenhum quiz correspondente encontrado
Distribuição das Pontuações
Porcentagem de Pessoas com Cada Pontuação
Percentil de Números Respondidos
Sua Pontuação Histórica
Você não jogou esse quiz